Logo BPK

Biblioteka

Politechniki Koszalińskiej

Psychologia i poznanie / (Rekord nr 5355)

Szczegóły MARC
000 -ETYKIETA REKORDU
podpole kontrolne o stałej długości 01447nam a2200457 i 4500
001 - NUMER KONTROLNY REKORDU
pole kontrolne 5355
003 - IDENTYFIKATOR NUMERU KONTROLNEGO REKORDU
podpole kontrolne KOSZ 005
005 - DATA OSTATNIEJ MODYFIKACJI REKORDU
podpole kontrolne 20190725141232.0
008 - POLE O STAŁEJ DŁUGOŚCI - DANE KONTROLNE
podpole kontrolne o stałej długości 970513s1992 pl a f |000 0 pol
015 ## - NUMER BIBLIOGRAFII NARODOWEJ
Numer bibliografii narodowej PB 1992/10219
020 ## - MIĘDZYNARODOWY ZNORMALIZOWANY NUMER KSIĄŻKI - ISBN
ISBN 8301109661
035 ## - NUMER SYSTEMOWY
Numer systemowy przejętego rekordu 991001532069705066
035 ## - NUMER SYSTEMOWY
Numer systemowy przejętego rekordu (PL-WaBN)b10437812-48omnis_nlop
035 ## - NUMER SYSTEMOWY
Numer systemowy przejętego rekordu b10437812
035 ## - NUMER SYSTEMOWY
Numer systemowy przejętego rekordu (OCoLC)749405300
035 ## - NUMER SYSTEMOWY
Numer systemowy przejętego rekordu (PL)b0000001043781
035 ## - NUMER SYSTEMOWY
Numer systemowy przejętego rekordu (EXLNZ-48OMNIS_NETWORK)9910268418805606
040 ## - ŹRÓDŁO KATALOGOWANIA
Instytucja, która sporządziła opis WA N
Instytucja, która utworzyła rekord WA N
Instytucja, która dokonała modyfikacji KOSZ 005/EG
041 ## - KOD JĘZYKA
Kod języka tekstu pol
046 ## - DATY KODOWANE
Pojedyncza data lub początek okresu powstania dzieła lub zbioru dzieł 1992
080 ## - UNIWERSALNA KLASYFIKACJA DZIESIĘTNA - UKD
UKD 159.9
245 10 - TYTUŁ/ODPOWIEDZIALNOŚĆ
Tytuł Psychologia i poznanie /
Pozostałe elementy strefy tytułu i oznaczenia odpowiedzialności pod red. Marii Materskiej i Tadeusza Tyszki.
260 ## - STREFA ADRESU WYDAWNICZEGO
Miejsce wydania Warszawa :
Nazwa wydawcy/dystrybutora Wydaw. Naukowe PWN,
Data publikacji, dystrybucji/powstania dokumentu 1992.
300 ## - STREFA OPISU FIZYCZNEGO
Objętość 310 s. :
Inne cechy fizyczne rys., wykr. ;
Rozmiary 24 cm.
336 ## - TYP ZAWARTOŚCI
Źródło (terminu i kodu) rdacontent
Termin opisujący typ zawartości Tekst
Kod określający zawartość txt
337 ## - TYP MEDIÓW
Źródło (terminu i kodu) rdamedia
Tryb odtwarzania Bez urządzenia pośredniczącego
Kod typu mediów n
338 ## - TYP/RODZAJ NOŚNIKA
Źródło (terminu i kodu) rdacarrier
Hasło opisujące typ nośnika Wolumin
Kod typu nośnika nc
380 ## - FORMA I TYP PUBLIKACJI
Forma i typ publikacji Książki
380 ## - FORMA I TYP PUBLIKACJI
Forma i typ publikacji Publikacje fachowe
388 ## - CZAS POWSTANIA
Czas powstania 1901-2000
388 ## - CZAS POWSTANIA
Czas powstania 1989-2000
504 ## - UWAGA DOTYCZĄCA BIBLIOGRAFII
Informacje o bibliografii Bibliogr. przy rozdz.
650 #7 - HASŁO PRZEDMIOTOWE W FORMIE NAZWY OGÓLNEJ LUB JEDNOSTKOWEJ
Nazwa ogólna lub geograficzna Poznanie
Źródło hasła lub terminu DBN
658 ## - TERMIN INDEKSOWY - PRZEDMIOT PROGRAMU NAUCZANIA
Główny przedmiot programu nauczania Psychologia
700 1# - HASŁO DODATKOWE - NAZWA OSOBOWA
Nazwa osobowa Materska, Maria
Daty związane z nazwą (1942- )
Określenie związku między hasłem a opisywanym materiałem Redakcja
700 1# - HASŁO DODATKOWE - NAZWA OSOBOWA
Nazwa osobowa Tyszka, Tadeusz
Daty związane z nazwą (1939- )
Określenie związku między hasłem a opisywanym materiałem Redakcja
710 2# - HASŁO DODATKOWE - NAZWA CIAŁA ZBIOROWEGO
Nazwa ciała zbiorowego lub jednostki geograficznej Wydawnictwo Naukowe PWN
Kod określenia powiązania pbl
856 ## - LOKALIZACJA I DOSTĘP DO ELEKTRONICZNYCH DOKUMENTÓW ZDALNYCH
Link (URL) http://koha.tu.koszalin.pl/cgi-bin/koha/opac-detail.pl?biblionumber=5355
Tekst linku Katalog online BPK
942 ## - DODATKOWE ELEMENTY (KOHA)
Schemat klasyfikacji Uniwersalna Klasyfikacja Dziesiętna
Typ dokumentu Książka
Egzemplarze
Wycofany Status egzemplarza Uszkodzony Dostępność Lokalizacja stała Lokalizacja bieżąca Miejsce przechowywania Sygnatura Kod kreskowy Dział Typ dokumentu
      Tylko na miejscu Biblioteka Politechniki Koszalińskiej Biblioteka Politechniki Koszalińskiej Czytelnia BG P 44366 01807295 159.9 Psychologia Książka
      Dostępny Biblioteka Politechniki Koszalińskiej Biblioteka Politechniki Koszalińskiej Wypożyczalnia BG P 44367 01097917   Książka
      Dostępny Biblioteka Politechniki Koszalińskiej Biblioteka Politechniki Koszalińskiej Wypożyczalnia BG P 44368 01100723   Książka
      Dostępny Biblioteka Politechniki Koszalińskiej Biblioteka Politechniki Koszalińskiej Wypożyczalnia BG P 44369 01113563   Książka
      Tylko na miejscu Biblioteka Politechniki Koszalińskiej Biblioteka Politechniki Koszalińskiej Czytelnia Wydziałowa ul. Kwiatkowskiego 6e P 44370 01883046 159.9 Psychologia Książka
© 2023 Biblioteka Politechniki Koszalińskiej :: KOHA